От качества товаров - к качеству жизни; Стандарты и качество; № 10

Bibliografiske detaljer
Parent link:Стандарты и качество: научно-технический журнал/ Российская Федерация, Государственный комитет по стандартизации и метрологии (Госстандарт России).— , 1980-.— 0038-9692
№ 10.— 2003.— С. 84-85
Hovedforfatter: Симонов Ю.
Sprog:russisk
Udgivet: 2003
Serier:Панорама: хроника, информация, репортажи
Fag:
Format: MixedMaterials Book Chapter
KOHA link:https://koha.lib.tpu.ru/cgi-bin/koha/opac-detail.pl?biblionumber=459526

MARC

LEADER 00000naa2a2200000 4500
001 459526
005 20231101085143.0
035 |a (RuTPU)RU\TPU\prd\123321 
035 |a RU\TPU\prd\20195 
090 |a 459526 
100 |a 20111021a2003 k y0rusy50 ca 
101 0 |a rus 
102 |a RU 
200 1 |a От качества товаров - к качеству жизни  |f Ю. Симонов 
225 1 |a Панорама: хроника, информация, репортажи 
461 1 |0 (RuTPU)RU\TPU\prd\992  |x 0038-9692  |t Стандарты и качество  |o научно-технический журнал  |f Российская Федерация, Государственный комитет по стандартизации и метрологии (Госстандарт России)  |d 1980- 
463 1 |0 (RuTPU)RU\TPU\prd\123302  |t № 10  |v С. 84-85  |d 2003 
610 1 |a качество товаров 
610 1 |a уровень жизни 
610 1 |a программы 
610 1 |a лучшие товары 
700 1 |a Симонов  |b Ю. 
801 1 |a RU  |b 63413507  |c 20031203  |g PSBO 
801 2 |a RU  |b 63413507  |c 20111024  |g RCR 
942 |c BK